Meaningful anagrams of capital cities #1 - Statistics

General Stats
  • This quiz has been taken 63 times
  • The average score is 5 of 10
Answer Stats
Anagram Capital % Correct
Pairs Paris
96%
Bad setup Budapest
67%
Bear cran Canberra
63%
Plaza La paz
63%
Video to men Montevideo
60%
Sit on do mango Santo domingo
44%
Get own gore Georgetown
40%
Bread leg Belgrade
38%
Heel wind New delhi
27%
Paint sir Pristina
27%
No matching quizzes found
Score Distribution
Percent of People with Each Score
Percentile by Number Answered
Your Score History
You have not taken this quiz